| 000 | 00368nam a22001577a 4500 | ||
|---|---|---|---|
| 005 | 20180412103547.0 | ||
| 008 | 160526b xxu||||| |||| 00| 0 eng d | ||
| 020 | _a978-81-7194-603-7 | ||
| 041 | _aeng | ||
| 082 |
_b5113 _a343 |
||
| 245 | _aIncome tax Act. | ||
| 260 |
_aNew Delhi _bAcademic Faundation |
||
| 300 | _a5.115 | ||
| 650 |
_aManagement _9241 |
||
| 942 | _cBK | ||
| 999 |
_c1784 _d1783 |
||